<?xml version="1.0" encoding="UTF-8"?>
<marc:record xmlns:marc="http://www.loc.gov/MARC21/slim">
   <marc:leader>00000nam a2200000 a 4500</marc:leader>
   <marc:datafield ind1="1" ind2=" " tag="100">
      <marc:subfield code="a">Brandstetter, Alois</marc:subfield>
      <marc:subfield code="4">aut</marc:subfield>
      <marc:subfield code="e">Verfasser/-in</marc:subfield>
   </marc:datafield>
   <marc:datafield ind1=" " ind2=" " tag="653">
      <marc:subfield code="a">P2019</marc:subfield>
   </marc:datafield>
   <marc:datafield ind1="0" ind2="0" tag="245">
      <marc:subfield code="a">Von den Halbschuhen der Flachländer und der Majestät der Alpen</marc:subfield>
   </marc:datafield>
   <marc:datafield ind1="0" ind2="0" tag="245">
      <marc:subfield code="b">Frühe Prosa</marc:subfield>
   </marc:datafield>
   <marc:datafield ind1="0" ind2="0" tag="245">
      <marc:subfield code="c">Alois Brandstetter</marc:subfield>
   </marc:datafield>
   <marc:datafield ind1=" " ind2="1" tag="264">
      <marc:subfield code="a">Salzburg</marc:subfield>
      <marc:subfield code="b">Residenz</marc:subfield>
      <marc:subfield code="c">1980</marc:subfield>
   </marc:datafield>
   <marc:datafield ind1="1" ind2=" " tag="520">
      <marc:subfield code="a">Die in diesem Buch zusammengefassten Bände "Überwindung der Blitzangst" und "Ausfälle" waren Brandstetters erste Publikationen und haben seinen Ruf als ebenso trefflicher wie treffender Schilderer austriakischer Zustände, Sitten und Gebräuche begründet. Es sind zumeist kürzere, pointierte Texte, die von hohem Sprachbewusstsein geprägt sind.
Hinter aller satirischer Leidenschaft, die immer wieder zum Lachen und Begreifen reizt, steckt jedoch eine gute Portion Heimatliebe, und wenn eine Mischung zwischen Peter Rosegger und Karl Kraus denkbar wäre, so könnte sie Alois Brandstetter heißen.</marc:subfield>
   </marc:datafield>
   <marc:datafield ind1="3" ind2=" " tag="024">
      <marc:subfield code="a">3701702586</marc:subfield>
   </marc:datafield>
   <marc:datafield ind1="0" ind2=" " tag="490">
      <marc:subfield code="v">0</marc:subfield>
   </marc:datafield>
   <marc:datafield ind1=" " ind2=" " tag="300">
      <marc:subfield code="a">S. 226</marc:subfield>
   </marc:datafield>
</marc:record>
